| 000 | 00637nam a2200193Ia 4500 | ||
|---|---|---|---|
| 003 | GCL | ||
| 008 | 140319s9999 xx 000 0 ara d | ||
| 040 |
_aGCL / _cGCL |
||
| 082 | 0 | 4 |
_a415.1 _bم ن |
| 100 | 1 | _aعبدالرحمن بن سليمان العثيمين | |
| 245 | 1 | 0 |
_aنظم الفرائد وحصر الشرائد / _cعبدالرحمن بن سليمان العثيمين |
| 700 | 1 | _aالمهليى,?مهذب الدين مهلب بن حس | |
| 260 |
_a[S.N] : _bمكتبة الخانجى ، _c1986 |
||
| 300 | _a311 ص | ||
| 490 | _a | ||
| 650 | 0 | 4 | _aالنحو |
| 650 | 0 | 4 | _aاللغة العربية |
| 942 |
_2ddc _cBK |
||
| 999 |
_c36878 _d36878 |
||